| 000 | 00414nam a2200181Ia 4500 | ||
|---|---|---|---|
| 005 | 20250423095655.0 | ||
| 008 | 250422s9999 xx 000 0 und d | ||
| 020 | _a0-374-28158-0 | ||
| 050 | _aPS3573.O526I13 | ||
| 100 | _aTom Wolfe | ||
| 245 | 0 | _aI am Charlotte Simmons | |
| 260 | _aNew York | ||
| 260 | _bFarrar Straus Giroux | ||
| 260 | _c2004 | ||
| 300 | _a676 p | ||
| 650 | _aPsychology | ||
| 942 | _cBK | ||
| 999 |
_c30990 _d30990 |
||